| 000 -LEADER |
| fixed length control field |
01515 a2200253 4500 |
| 003 - CONTROL NUMBER IDENTIFIER |
| control field |
Nust |
| 005 - DATE AND TIME OF LATEST TRANSACTION |
| control field |
20220802133526.0 |
| 010 ## - LIBRARY OF CONGRESS CONTROL NUMBER |
| LC control number |
2006285503 |
| 020 ## - INTERNATIONAL STANDARD BOOK NUMBER |
| International Standard Book Number |
0863413293 (cased) |
| 035 ## - SYSTEM CONTROL NUMBER |
| System control number |
(OCoLC)ocm56460597 |
| 040 ## - CATALOGING SOURCE |
| Transcribing agency |
Nust |
| 082 04 - DEWEY DECIMAL CLASSIFICATION NUMBER |
| Classification number |
620.82,HUM |
| 245 00 - TITLE STATEMENT |
| Title |
Human factors for engineers |
| Statement of responsibility, etc. |
edited by Carl Sandom and Roger S. Harvey. |
| 260 ## - PUBLICATION, DISTRIBUTION, ETC. |
| Place of publication, distribution, etc. |
London : |
| Name of publisher, distributor, etc. |
Institution of Electrical Engineers, |
| Date of publication, distribution, etc. |
c2004. |
| 300 ## - PHYSICAL DESCRIPTION |
| Extent |
xxvi, 361 p. : |
| Other physical details |
ill. ; |
| Dimensions |
24 cm. |
| 505 00 - FORMATTED CONTENTS NOTE |
| Title |
Human factors and cost benefits (Page-1), Human factors integration (Page-11), Humans: skills, capabilities and limitations (Page-35), The human factors toolkit (Page-57), Task analysis (Page-81),Automation and human work (Page-113), To engineer is to err (Page-137), Qualitative and quantitative evaluation of human error in risk assessment (Page-151), Control room design (Page-203), Human-computer interfaces : a principled approach to design (Page-235), Usability (Page-257), HF verification and validation (V&V) (Page-287), The application of simulators in systems evaluation (Page-317), Safety assessment and human factors (Page-333). |
| 650 #0 - SUBJECT ADDED ENTRY--TOPICAL TERM |
| Topical term or geographic name entry element |
Human engineering. |
| 9 (RLIN) |
2301 |
| 700 1# - ADDED ENTRY--PERSONAL NAME |
| Personal name |
Harvey, Roger S. |
| 9 (RLIN) |
96293 |
| 700 1# - ADDED ENTRY--PERSONAL NAME |
| Personal name |
Sandom, Carl. |
| 9 (RLIN) |
96294 |
| 710 2# - ADDED ENTRY--CORPORATE NAME |
| Corporate name or jurisdiction name as entry element |
Institution of Electrical Engineers. |
| 856 42 - ELECTRONIC LOCATION AND ACCESS |
| Materials specified |
Publisher description |
| Uniform Resource Identifier |
<a href="http://www.loc.gov/catdir/enhancements/fy0651/2006285503-d.html">http://www.loc.gov/catdir/enhancements/fy0651/2006285503-d.html</a> |
| 856 42 - ELECTRONIC LOCATION AND ACCESS |
| Materials specified |
Table of contents only |
| Uniform Resource Identifier |
<a href="http://www.loc.gov/catdir/enhancements/fy0651/2006285503-t.html">http://www.loc.gov/catdir/enhancements/fy0651/2006285503-t.html</a> |
| 942 ## - ADDED ENTRY ELEMENTS (KOHA) |
| Source of classification or shelving scheme |
|
| Koha item type |
Book |